Les confiscations dans les pays de la couronne de Bohème (dans la monarchie des Habsbourg) après 1620: Politique, justice, religion, finances
| Titel: | Les confiscations dans les pays de la couronne de Bohème (dans la monarchie des Habsbourg) après 1620: Politique, justice, religion, finances / Tomáš Knoz |
|---|---|
| Verfasser: | |
| In: |
Fiscalità e religione nell'Europa cattolica, (2015), Seite 217-234 alle Artikel anzeigen |
| Veröffentlicht: | 2015 |
| Format: | Aufsatz |
| Sprache: | Englisch |
X
alg: 53117075 001A $03025:02-07-25 001B $03025:02-07-25 $t11:35:18.000 001D $03025:02-07-25 001U $0utf8 001X $00 002@ $0Aou 002C $aText $btxt $2rdacontent 002D $aohne Hilfsmittel zu benutzen $bn $2rdamedia 002E $aBand $bnc $2rdacarrier 003@ $0531170756 010@ $aeng 010E $erda 011@ $a2015 021A $aLes @confiscations dans les pays de la couronne de Bohème (dans la monarchie des Habsbourg) après 1620: Politique, justice, religion, finances $hTomáš Knoz 028A $BVerfasser $#Knoz, T. $4aut $7134203291 $8Knoz, Tomáš$Z1965- [Tp3] $9198028571 031A $h217-234 $j2015 039B $aEnthalten in $8--Aax--. Fiscalità e religione nell'Europa cattolica. - Prima edizione. - Roma : Viella, luglio 2015. - 375 pages. - ISBN 978-88-6728-436-8 $x201500000000000783 $9531170179 044K $RProtektorat Böhmen und Mähren $RBöhmische Länder $RTschechoslowakei $#Böhmen $#Čech $#Königreich Böhmen $#České Království $#Království České $#Kronland Böhmen $#Čechy $#Ceské Království $#Království Ceské $74007467-5 $8Böhmen [Tg1] $9085012173 044K $RKrieg $#Thirty Years' War, 1618-1648 $#Guerre de Trente Ans (1618-1648) $#Guerra dei trent'anni <1618-1648> $#Guerra de los Treinta Años, 1618-1648 $#Dreißigjähriger Krieg $74012985-8 $8Dreißigjähriger Krieg [Ts1] $908502841X 044K $REigentumsentziehung $RKonfiskation $REnteignender Eingriff $REnteignungsgleicher Eingriff $RMaterielle Enteignung $#Eminent domain $#Expropriation $#Espropriazione $#Expropiación forzosa $#expropriation $#Enteignung $#Enteignung $#Enteignung $#Enteignung $#Enteignung ausländischen Eigentums $#Enteignungsrecht $#Expropriation $74014843-9 $8Enteignung [Ts1] $9085033626 lok: 53117075 78 exp: 53117075 78 1 #EPN 201B/01 $002-07-25 $t11:32:18.000 201C/01 $002-07-25 201U/01 $0utf8 203@/01 $01310545006 208@/01 $a02-07-25 $be 209A/01 $a/ $f000 $x00 209A/01 $ab*p $x01 220C/01 $apgar 244Z/01 $#Böhmische Kronländer $#Länder der Böhmischen Krone $#Sudetenland $#Böhmen $#Mähren $#Mährisch-Schlesien $#Österreichisch-Schlesien $#Tschechische Sozialistische Republik Böhmische Länder $#Tschechei Böhmische Länder $#Země koruny české $74069573-6 $8--Tg1--Böhmische Länder $x03 $9085195553 247C/01 $82080>Marburg/Lahn, Herder-Institut, Forschungsbibliothek, Bibliographieportal $9336309341
| LEADER | 00000naa a2200000 c 4500 | ||
|---|---|---|---|
| 001 | 531170756 | ||
| 003 | DE-603 | ||
| 005 | 20250702113518.0 | ||
| 007 | tu | ||
| 008 | 250702s2015 xx |||| | u00||u|eng c | ||
| 035 | |a (DE-599)HEB531170756 | ||
| 040 | |a DE-603 |b ger |c DE-603 |d DE-603 |e rda | ||
| 041 | |a eng | ||
| 100 | 1 | |a Knoz, Tomáš |d 1965- |e Verfasser |4 aut |0 (DE-603)198028571 |0 (DE-588)134203291 |2 gnd | |
| 245 | 0 | 0 | |a Les confiscations dans les pays de la couronne de Bohème (dans la monarchie des Habsbourg) après 1620: Politique, justice, religion, finances |c Tomáš Knoz |
| 264 | 0 | |c 2015 | |
| 336 | |a Text |b txt |2 rdacontent | ||
| 337 | |a ohne Hilfsmittel zu benutzen |b n |2 rdamedia | ||
| 338 | |a Band |b nc |2 rdacarrier | ||
| 650 | 7 | |a Dreißigjähriger Krieg |0 (DE-588)4012985-8 |0 (DE-603)08502841X |2 gnd | |
| 650 | 7 | |a Enteignung |0 (DE-588)4014843-9 |0 (DE-603)085033626 |2 gnd | |
| 651 | 7 | |a Böhmen |0 (DE-588)4007467-5 |0 (DE-603)085012173 |2 gnd | |
| 773 | 0 | 8 | |i Enthalten in |t Fiscalità e religione nell'Europa cattolica |b Prima edizione |d Roma : Viella, luglio 2015 |h 375 pages, 21 cm |z 9788867284368 |g (2015), Seite 217-234 |w (DE-603)531170179 |
| 924 | 0 | |9 2080 |a (DE-603)1310545006 |b DE-2080 |c HES |d d |g / | |


